[Event "Kurnosov Memorial Rapid 2019"]
[Site "Chelyabinsk"]
[Date "2019.09.06"]
[Round "2.1"]
[White "Badelka, Olga"]
[Black "Kokarev, Dmitry"]
[Result "0-1"]
[WhiteElo "2399"]
[BlackElo "2601"]
[Annotator "TA"]
[PlyCount "96"]
[EventDate "2019.09.06"]
[EventType "swiss"]
[EventCountry "RUS"]
[SourceTitle "playchess.com"]
[Source "ChessBase"]
[SourceQuality "1"]

{[%evp 10,96,39,33,55,55,48,39,39,39,39,39,39,39,33,22,23,22,40,8,33,22,22,22,22,15,22,22,45,-21,-29,-37,-33,-37,-27,-41,-45,-56,-50,-45,-50,-53,-54,-54,-54,-49,-33,-52,0,-75,-58,-73,0,0,0,0,0,-52,-47,-93,-91,-101,-25,-54,-71,-117,-107,-173,-195,-175,-46,-253,-243,-567,-567,-559,-565,-556,-552,-541,-520,-505,-488,-553,-553,-1002,-683,-2576,-1369]} 1. d4 Nf6 2. c4 g6 3. Nc3 Bg7 4. e4 d6 5. Nge2 e5 6. d5 Nbd7 {E70: King's Indian: Miscellaneous lines with 4 e4, including 5 Nge2 and 5 Bd3 0-0 6 Nge2} 7. f3 h5 8. Bg5 Bh6 {White is slightly better.} 9. Bxh6 Rxh6 10. Qd2 Rh8 11. h4 a5 12. Nc1 $146 ({Predecessor:} 12. Ng3 Nc5 13. Be2 Bd7 14. Rd1 Qe7 {½-½ (53) Rezasade,A (2344)-Andersen,M (2589) Germany 2018}) 12... Nc5 13. Be2 Qe7 14. b3 Kf8 15. a3 Kg7 16. Rb1 Bd7 17. Nd3 Nxd3+ 18. Bxd3 c6 19. dxc6 (19. O-O $14) 19... bxc6 $11 20. b4 axb4 21. axb4 Nh7 22. b5 Nf8 23. g3 Ne6 24. O-O Ra3 25. Ra1 Rxa1 26. Rxa1 Nd4 27. Qf2 Qf6 28. Kg2 Rb8 (28... Rc8 $15) 29. Rb1 {[#]} (29. bxc6 $11 {keeps the balance.} Bxc6 30. Nb5) 29... Ra8 $1 $17 {Threatens to win with ...Ra3.} 30. b6 Qe6 (30... Bc8 $17 {White must now prevent ...Ra3.} 31. Ne2 (31. b7 $2 Bxb7 32. Ne2 Ra3 $19) 31... Ne6) 31. Ne2 $11 c5 32. Nxd4 exd4 33. Kg1 (33. b7 $11 Rb8 34. Rb6) 33... Bc6 34. Bf1 Bb7 35. Qb2 Qf6 ({Black should try} 35... Qe5 $17 36. Kh2 g5 37. hxg5 h4) 36. Kg2 Qd8 37. Kg1 Ra4 $36 {[%mdl 2048] Black is on the roll.} 38. Qb5 (38. Qf2 $17) 38... Ra3 $19 39. Bg2 Ra6 (39... g5 $19 40. Qb2 Rc3) 40. e5 $2 (40. Kh2 $1 $15) 40... Ra2 ({Inferior is} 40... dxe5 41. Qxc5 Kg8 42. Qc7 $14) 41. exd6 $2 (41. e6 fxe6 42. Kh1) 41... Qxd6 {Black is clearly winning.} 42. Rb2 Rxb2 43. Qxb2 Qxg3 {[%mdl 64] [#] Double Attack} 44. Qe2 Qd6 45. Qb2 Qe5 46. Qd2 {White hopes to continue with f4.} Qe6 47. Qa5 Qxc4 48. Qa7 Qd5 {Accuracy: White = 35%, Black = 54%.} 0-1

[Event "Kurnosov Memorial Rapid 2019"]
[Site "Chelyabinsk"]
[Date "2019.09.06"]
[Round "2.2"]
[White "Bareev, Evgeny"]
[Black "Bryushinin, Alexander"]
[Result "1-0"]
[WhiteElo "2643"]
[BlackElo "2169"]
[Annotator "TA"]
[PlyCount "93"]
[EventDate "2019.09.06"]
[EventType "swiss"]
[EventCountry "RUS"]
[SourceTitle "playchess.com"]
[Source "ChessBase"]
[SourceQuality "1"]

{[%evp 17,93,12,13,16,12,0,0,-11,6,-35,0,0,0,0,0,0,0,0,72,38,63,40,54,48,48,39,45,37,69,50,45,58,50,17,44,44,43,0,49,31,118,48,58,40,60,57,64,-29,62,56,47,27,92,72,122,76,118,95,108,103,527,242,692,685,29973,29973,29961,1721,29984,29985,29990,29991,29991,29992,29995,29996,29996,29997]} 1. Nf3 Nf6 2. g3 e6 3. Bg2 Be7 4. O-O O-O 5. c4 d5 6. b3 b6 7. Bb2 Bb7 8. cxd5 Nxd5 9. d4 Nd7 10. e4 {A14: English Opening: 1...e6 with b3 by White} (10. a3 c5 11. Nbd2 Rc8 12. Re1 cxd4 13. Nxd4 Nc3 14. Bxc3 Bxg2 15. Kxg2 Rxc3 16. Ne4 Rc8 17. a4 Nc5 18. Nxc5 Bxc5 19. Nf3 Qe7 20. Qd3 Rfd8 21. Qa6 h6 {½-½ (21) Nakamura,H (2746)-Nepomniachtchi,I (2763) St Petersburg 2018}) 10... N5f6 11. e5 Nd5 $1 12. Nbd2 {The position is equal.} Rc8 13. Nc4 c5 (13... b5 $5 {[%cal Rb5c4]} 14. Ne3 Nxe3 15. fxe3 c5 $11) 14. Rc1 $146 ({Predecessor:} 14. Qe2 b5 15. Ne3 {½-½ (15) Dunsbach,R (2196)-Glauder,J (2018) Germany 2011}) 14... b5 15. Nd6 Bxd6 $1 16. exd6 {aiming for dxc5.} c4 17. bxc4 bxc4 (17... Rxc4 $11 18. Ne5 Ra4) 18. Ne5 $1 $16 c3 {Threatens to win with ...Nxe5.} 19. Ba3 f6 20. Nxd7 Qxd7 21. Re1 Rfe8 22. Bc5 Ba8 23. Qb3 a5 24. Qa3 a4 25. h4 Rb8 26. Rc2 Bc6 27. Rce2 Kf7 28. Qc1 Rb7 {[#]} (28... Kg8 $14) 29. Kh2 (29. Bh3 $1 $16) 29... Rbb8 $14 30. Qd1 g6 31. Qc1 Kg7 32. Kg1 ({Better is} 32. Bxd5 $14 Bxd5 33. Qxc3) 32... Rb7 (32... Bb5 $11) 33. Bh3 {[%cal Rh3e6]} f5 34. Bg2 Rbb8 (34... f4 $11 {keeps the balance.}) 35. h5 Rb7 36. h6+ Kf7 37. Bxd5 Bxd5 38. Qxc3 g5 $2 {[%mdl 8192] [#]} (38... Kg8 $16) 39. Re5 (39. g4 $142 $1 {[%mdl 512]}) 39... Kg6 $2 {[#]} (39... g4 40. Qe3 Qd8) 40. g4 $1 $18 {[%mdl 512]} f4 (40... fxg4 41. Qe3) 41. Qh3 Rg8 {[#]} 42. Rxd5 $1 {[%mdl 512]} exd5 {[#]} 43. Re7 $1 {[%mdl 512] White mates.} Kf6 44. Rxd7 Rxd7 45. Qd3 {[%csl Gg4][%cal Rd3f5]} Kf7 46. Qf5+ Ke8 47. Qe6+ {[%mdl 64] Double Attack. Accuracy: White = 49%, Black = 30%.} 1-0

[Event "Kurnosov Memorial Rapid 2019"]
[Site "Chelyabinsk"]
[Date "2019.09.06"]
[Round "2.3"]
[White "Bykova, Anastasia"]
[Black "Movsesian, Sergei"]
[Result "0-1"]
[WhiteElo "2259"]
[BlackElo "2654"]
[Annotator "TA"]
[PlyCount "120"]
[EventDate "2019.09.06"]
[EventType "swiss"]
[EventCountry "RUS"]
[SourceTitle "playchess.com"]
[Source "ChessBase"]
[SourceQuality "1"]

{[%evp 19,122,52,61,46,45,33,54,21,32,-23,-10,-15,-12,-16,-29,-38,-33,-34,-31,-35,-43,-19,-18,-18,-19,-132,-132,-122,-90,-122,-88,-82,189,191,345,342,355,352,324,275,487,498,584,0,298,0,550,0,504,479,414,252,255,263,424,280,272,262,268,256,388,373,368,370,370,363,318,195,180,172,408,253,545,541,795,781,29980,630,29983,29982,29982,-137,29976,-404,-404,-29995,-29993,-29993,-5210,-5197,-5189,-5189,-227,-1970,-1776,-1305,-1295,-1295,-1247,-1085,-910,-29994,-29995,-29995,-893]} 1. d4 Nf6 2. c4 d6 3. Nf3 Nbd7 4. g3 e5 5. Nc3 c6 6. e4 g6 7. Bg2 Bg7 8. O-O O-O 9. h3 a6 10. Be3 Re8 11. dxe5 {E69: King's Indian: Fianchetto: 6...Nbd7 7 0-0 e5 8 e4 c6 9 h3} dxe5 12. Qc2 Qe7 13. Na4 $146 {White is slightly better.} ({Predecessor:} 13. a3 b5 14. b4 Rb8 15. Nd2 Nh5 16. Nb3 Bb7 17. Na5 Ba8 18. c5 Nf8 {1-0 (30) Burmakin,V (2579)-Ivanov,R (2146) St Petersburg 2012}) 13... b5 14. cxb5 (14. Nc3 $14) 14... cxb5 $11 15. Nc3 Bb7 16. Nd2 Rac8 {...b4 is the strong threat.} 17. Qb3 Nc5 18. Qa3 Bf8 19. b4 Ne6 20. Nd5 Nxd5 21. exd5 Nd4 {Threatens to win with ...Nc2.} 22. Bxd4 (22. Ne4 $1 $11 Qd8 23. Rad1) 22... exd4 $17 23. Rad1 Rc3 24. Nb3 Bg7 25. Qa5 Rc4 $2 {[%mdl 8192] [#]} (25... Qd6 $1 $17 {stays on course.} 26. Nxd4 Bxd4 27. Rxd4 Re2) 26. d6 $1 $18 {[%cal Rd6e7][%mdl 512]} Qd7 $2 (26... Qxd6 27. Bxb7 Rxb4) 27. Nc5 Rxc5 28. bxc5 Bxg2 29. Kxg2 Rc8 $2 (29... Qc6+ {might work better.} 30. Kg1 Rc8) 30. Rc1 Bh6 31. Rcd1 Bg7 $1 32. Rc1 $2 (32. Qxa6 Rxc5 33. Rc1 Rc3 $18) (32. Qa3) 32... Bh6 33. Rcd1 $2 (33. Qxa6 $18 {And now c6 would win.} Bxc1 34. Rxc1) 33... Qb7+ $2 {[%mdl 8192]} (33... Bg7 $1 $11) 34. Kg1 Qd5 35. Qxa6 Rxc5 36. Rfe1 Kg7 $2 (36... Bf8 {is a better defense.} 37. Qb6 Qxd6 38. Qxd6 Bxd6 39. Rxd4 Rc6) 37. Qa7 Bg5 38. d7 Bf6 39. Re8 Rc4 (39... Rc6 $142 40. d8=B {[%mdl 64] Deflection} Bxd8 41. Qxd4+ Qxd4 42. Rxd4 Bb6) 40. Qb8 Qxd7 41. Rg8+ (41. Rh8 Kh6 $16) 41... Kh6 42. Qf8+ ({Don't play} 42. Qf4+ Bg5 $18) 42... Kh5 43. Qa3 $40 {[%mdl 128] White has strong attack.} Qc6 44. Qd3 Rc3 $2 (44... Kh6 45. Qa3 b4) 45. Qe2+ Kh6 $2 (45... Qf3 {keeps fighting.} 46. Qxf3+ (46. Qxb5+ Kh6 $16) 46... Rxf3) 46. Qd2+ g5 {Now ...Rc2 and Black clings on.} 47. h4 {[%cal Rh4g5]} Rc5 48. hxg5+ (48. f4 $142 Kh5 49. hxg5 Rc2 50. g4+ $1 {[%mdl 512]} Kh4 51. Qe1+ Kh3 52. Rd3+ Kxg4 53. gxf6+ {[%mdl 64] Discovered Attack} Kxf4 54. Rxd4+ Kf5 55. Rg5+ $1 {[%mdl 576] Deflection, Decoy} Kxg5 56. Qe5+ Kh6 57. Rh4+ Kg6 58. Rg4+ Kh6 59. Qg5#) 48... Bxg5 49. f4 Rc2 50. fxg5+ Kh5 {[#]} 51. Kf2 $4 {[%mdl 8192]} (51. g4+ $1 Kxg4 {[#]} 52. g6 $1 {[%mdl 512]} Rxd2 53. gxh7+ {[%mdl 64] Discovered Attack} Kf4 54. Rf1+ Ke4 55. h8=Q Qd7 56. Qh5 Rxa2 57. Rd8) 51... Kg4 $19 {White must now prevent ...d3.} (51... Rxd2+ $2 52. Rxd2 Qe4 53. Re2 $19) 52. Qe2+ (52. Rd8 $19 Qc3 {[%mdl 64] Pin} 53. Ke1 Qxg3+ 54. Kf1 Qh3+ 55. Ke1 Qh1+ 56. Ke2 Qf3+ 57. Ke1 Qh1+ 58. Ke2 Rxd2+ 59. Rxd2) 52... Rxe2+ 53. Kxe2 {[%mdl 4096] Endgame KQ-KRR} Qe4+ (53... Qf3+ $142 54. Kd2 Qc3+ 55. Ke2 Qe3+ 56. Kf1 Kf3 57. Rd3 Qxd3+ 58. Kg1 Qe2 59. Rh8 Qg2#) 54. Kd2 Qe3+ 55. Kc2 Qc3+ (55... Qe2+ $142 56. Kc1 Qc4+ 57. Kb2 d3) 56. Kb1 {White hopes to continue with Rd8.} d3 {( -> ...Qc2+)} 57. Rc1 Qb4+ 58. Ka1 Qd4+ 59. Kb1 Kxg3 60. Rd1 Qb4+ 0-1

[Event "Kurnosov Memorial Rapid 2019"]
[Site "Chelyabinsk"]
[Date "2019.09.06"]
[Round "2.4"]
[White "Bocharov, Dmitry"]
[Black "Tsvetkov, Andrey"]
[Result "1-0"]
[WhiteElo "2519"]
[BlackElo "2373"]
[Annotator "TA"]
[PlyCount "45"]
[EventDate "2019.09.06"]
[EventType "swiss"]
[EventCountry "RUS"]
[SourceTitle "playchess.com"]
[Source "ChessBase"]
[SourceQuality "1"]

{[%evp 13,45,0,8,-4,0,-20,0,-27,0,-8,31,0,0,0,110,106,104,112,132,127,193,213,207,202,232,239,378,397,410,411,502,507,497,472]} 1. c4 e6 2. Nf3 d5 3. e3 Nf6 4. Nc3 c6 5. b3 Bd6 6. Bb2 Nbd7 7. Qc2 O-O 8. Rg1 {A11: English Opening: 1...c6} (8. Be2 Qe7 9. O-O b6 10. cxd5 cxd5 11. Nb5 Ba6 12. Qd1 Bxb5 13. Bxb5 a6 14. Be2 Ba3 15. Qc1 Bxb2 16. Qxb2 {½-½ (33) Ivanchuk,V (2728)-Duda,J (2707) Tbilisi 2017}) 8... e5 9. cxd5 cxd5 10. Nb5 {The position is equal.} Bb8 11. Rc1 {[%cal Ba1c1,Bc1c7,Bc7b7][%mdl 32]} e4 12. Ba3 Re8 13. Nfd4 $36 {[%mdl 2048] Black is under pressure.} Nb6 $146 (13... Ne5 $11 {keeps the balance.}) ({Predecessor:} 13... Bxh2 14. Rh1 Be5 15. Nc7 Bxc7 16. Qxc7 Qxc7 17. Rxc7 {1-0 (48) Gagunashvili,M (2567)-Mohammed,Z (2289) Baghdad 2017}) 14. Nc7 $16 Bxc7 15. Qxc7 Qxc7 16. Rxc7 Bd7 (16... Rb8 $16 {might work better.} 17. Be2 Bd7) 17. Rxb7 $18 Rec8 18. Be2 Ne8 19. f3 Nc7 (19... Rcb8 $142) 20. Bc5 Be8 21. fxe4 Ne6 22. Nxe6 fxe6 23. Bd4 {Accuracy: White = 66%, Black = 33%.} 1-0

[Event "Kurnosov Memorial Rapid 2019"]
[Site "Chelyabinsk"]
[Date "2019.09.06"]
[Round "2.5"]
[White "Zasukhin, Vadim"]
[Black "Bocharov, Ivan"]
[Result "0-1"]
[WhiteElo "2274"]
[BlackElo "2557"]
[Annotator "TA"]
[PlyCount "46"]
[EventDate "2019.09.06"]
[EventType "swiss"]
[EventCountry "RUS"]
[SourceTitle "playchess.com"]
[Source "ChessBase"]
[SourceQuality "1"]

{[%evp 9,50,0,5,0,0,0,0,-8,0,0,0,-42,32,0,6,0,-2,0,-8,-37,7,0,18,-4,68,59,47,-114,-101,-117,-102,-601,-446,-577,-599,-1104,-1055,-1120,-1073,-1857,-1555,-29988,-29989]} 1. e4 c5 2. Nc3 d6 3. d4 cxd4 4. Qxd4 Nc6 5. Qd2 Nf6 (5... g6 6. b3 Bh6 7. f4 f5 8. Bb2 Nf6 9. O-O-O O-O 10. Kb1 Bg7 11. exf5 Bxf5 {1-0 (37) Caruana,F (2819)-Vachier Lagrave,M (2779) Stavanger 2019}) 6. b3 {B23: Closed Sicilian: Lines without g3} e6 7. Bb2 Be7 8. O-O-O {The position is equal.} a6 $146 ({Predecessor:} 8... O-O 9. Kb1 a6 10. f3 b5 11. g4 {0-1 (36) Sulskis,S (2525)-Lupulescu,C (2606) Batumi 2018}) 9. f3 O-O 10. g4 {[#]} Nd7 ({Better is} 10... Nxg4 $1 $15 {[%mdl 512]} 11. Kb1 (11. fxg4 $2 Bg5 $19) 11... Nf6) 11. Kb1 (11. h4 $5) 11... b5 12. h4 Nc5 13. g5 b4 14. Nce2 e5 15. Ng3 a5 16. Nf5 Bxf5 ({Black should try} 16... a4 $11 17. Bb5 Bxf5 18. Bxc6 Rc8) 17. exf5 $14 a4 {aiming for ...axb3.} 18. Bc4 $2 (18. Ne2 $14 {keeps the upper hand.}) 18... axb3 $17 19. axb3 {Hoping for Ne2.} Qa5 $36 {[%mdl 2048] [#] ...Qa2+ is the strong threat. White is under strong pressure.} 20. Qd5 $2 {[%mdl 8192] [#]} (20. f6 $1 $17 {[%mdl 512]} gxf6 21. gxf6 Bxf6 22. Ne2) 20... Qa2+ $1 $19 21. Kc1 {And now f6 would win.} Na5 22. f4 Nxc4 23. Qxc4 {[#]} Rac8 {Played: Nc5-a4} 0-1

[Event "Kurnosov Memorial Rapid 2019"]
[Site "Chelyabinsk"]
[Date "2019.09.06"]
[Round "2.6"]
[White "Stupak, Kirill"]
[Black "Tologontegin, Semetey"]
[Result "0-1"]
[WhiteElo "2551"]
[BlackElo "2369"]
[Annotator "TA"]
[PlyCount "64"]
[EventDate "2019.09.06"]
[EventType "swiss"]
[EventCountry "RUS"]
[SourceTitle "playchess.com"]
[Source "ChessBase"]
[SourceQuality "1"]

{[%evp 23,64,34,55,36,44,20,29,-30,-21,-57,-52,-49,-41,-35,-48,-42,-6,-96,-52,-53,-59,-43,-37,-191,-175,-165,-167,-170,-165,-335,-335,-323,-335,-548,-548,-533,-536,-804,-783,-829,-814,-29997,-29998]} 1. d4 g6 2. g3 Bg7 3. Bg2 c5 4. d5 d6 5. c4 b5 6. cxb5 a6 7. bxa6 Bxa6 8. Nc3 Nf6 9. Nf3 O-O 10. O-O Nbd7 11. Qc2 Qc7 12. Rd1 Rfb8 13. Rb1 {A58: Benko/Volga Gambit: Lines with 5 bxa6} (13. h3 Bc4 14. Nd2 Ba6 15. Rb1 Nb6 16. b3 Ne8 17. Bb2 Qa7 18. e4 Nc7 19. Bf1 Bxf1 20. Rxf1 Qa6 {1-0 (44) Sakaev,K (2627)-Martinovic,S (2448) Novi Sad 2000}) 13... Ng4 14. h3 Nge5 $1 15. Ne1 (15. b3 $142) 15... Nc4 $11 16. Bg5 $146 ({Predecessor:} 16. Bf4 Qa5 17. Rdc1 Rb7 18. Nd3 Rab8 19. h4 Nde5 20. Nxe5 Nxe5 {0-1 (80) Kashlinskaya,A (2344)-Danilenko,D (2303) Alushta 2009}) 16... h6 {[%mdl 1024] Black has compensation.} 17. Bf4 ({Don't go for} 17. Bxe7 $2 Nde5 $19) 17... Qa5 18. Rdc1 g5 19. Bd2 $1 Nde5 20. Bf1 (20. Nf3 $11) 20... Rb7 21. Nf3 Rab8 $36 {[%cal Ba8b8,Bb8b2,Bb2d2][%mdl 2080] Black has some pressure.} 22. Be1 Rxb2 23. Rxb2 $2 (23. Nxe5 $15 Bxe5 24. e3) 23... Rxb2 $19 ({Weaker is} 23... Nxb2 24. Nxe5 Bxe5 25. a4 $15) 24. Qe4 {Threatening Nd1.} Nxf3+ 25. exf3 {[#]} Nd2 $1 {[%cal Rd2e4]} 26. Bxd2 $2 (26. Nd1 {is the only way for White.} Nxf3+ 27. Kh1 Qxa2 28. Qxf3 Bxf1 29. Nxb2 Bxb2 30. Rd1) 26... Rxd2 27. Bxa6 Qxa6 28. Nd1 $2 (28. Qe1 {is a better defense.} Qd3 29. Ne4 Rxa2 30. Qd1 Qxd1+ 31. Rxd1) 28... Re2 29. Ne3 Bd4 30. Rc2 Re1+ 31. Kh2 Bxe3 32. fxe3 Qf1 {Accuracy: White = 19%, Black = 67%.} 0-1

[Event "Kurnosov Memorial Rapid 2019"]
[Site "Chelyabinsk"]
[Date "2019.09.06"]
[Round "2.7"]
[White "Gnusarev, Pavel"]
[Black "Shaposhnikov, Evgeny"]
[Result "0-1"]
[WhiteElo "2277"]
[BlackElo "2572"]
[Annotator "TA"]
[PlyCount "72"]
[EventDate "2019.09.06"]
[EventType "swiss"]
[EventCountry "RUS"]
[SourceTitle "playchess.com"]
[Source "ChessBase"]
[SourceQuality "1"]

{[%evp 15,104,33,32,17,25,18,23,21,31,27,36,32,69,47,41,29,29,23,47,-31,30,16,60,18,45,-18,22,27,14,10,3,6,6,16,22,7,16,0,13,0,50,52,51,17,20,8,32,24,35,51,40,30,31,0,0,0,16,-245,-143,-143,-143,-143,-143,-143,-83,-100,-49,-49,-49,-49,-49,-49,-49,-59,-59,-171,-160,-166,-170,-158,-158,-158,-175,-741,-704,-619,-614,-5210,-5210,-6123,-5273]} 1. d4 Nf6 2. c4 e6 3. Nf3 b6 4. g3 Bb4+ 5. Bd2 c5 6. Bg2 Bb7 7. O-O O-O 8. Bxb4 cxb4 9. Qd3 {E16: Queen's Indian: 4 g3 Bb7 5 Bg2 Bb4+} a5 10. Nbd2 d6 11. e4 {White has an edge.} e5 12. Ne1 Nc6 13. Nc2 {[#]} Qb8 $146 ({Predecessor:} 13... Re8 14. Rad1 Qc7 15. Rfe1 Rac8 16. b3 Qb8 {½-½ (59) Postny,E (2576)-Romanov,E (2628) Teplice 2018}) 14. Rfe1 Ba6 15. a4 Re8 16. b3 Nd7 17. Rab1 (17. Nf3 $14) 17... Nf8 (17... Nxd4 $15 18. Nxd4 Nc5) 18. Bh3 Ra7 19. Nf1 {[%cal Bd2f1,Bf1e3,Be3d5][%mdl 32]} Bc8 20. Bf5 (20. Bxc8 $14 Rxc8 21. Nfe3) 20... g6 21. Bxc8 Qxc8 22. Nfe3 Ne6 {[%cal Re5d4]} 23. Nd5 {Hoping for Nf6+.} Qd8 {[%cal Rc6d4]} 24. dxe5 dxe5 25. f4 f6 26. Rbd1 Rf7 27. Qe3 Ned4 28. Nxd4 Nxd4 29. Rxd4 exd4 30. Qxd4 Re6 31. h4 {[%mdl 1024] White has compensation.} Qd6 32. Kg2 Qc5 33. Qb2 Rf8 34. g4 f5 35. gxf5 Rxf5 (35... gxf5 {seems wilder.} 36. e5 Kh8 37. Kh2 Rg8 38. Nf6 Rd8) 36. Re3 $2 {[%mdl 8192] [#]} (36. Qd2 $11 Rf7 37. e5) 36... Rxd5 {Played: Rf5xf4} 0-1

[Event "Kurnosov Memorial Rapid 2019"]
[Site "Chelyabinsk"]
[Date "2019.09.06"]
[Round "2.8"]
[White "Volkov, Sergey"]
[Black "Solozhenkina, Elizaveta"]
[Result "1/2-1/2"]
[WhiteElo "2557"]
[BlackElo "2324"]
[Annotator "TA"]
[PlyCount "118"]
[EventDate "2019.09.06"]
[EventType "swiss"]
[EventCountry "RUS"]
[SourceTitle "playchess.com"]
[Source "ChessBase"]
[SourceQuality "1"]

{[%evp 22,118,15,15,93,33,68,42,58,30,35,27,25,0,52,21,39,41,137,0,0,0,0,0,38,34,34,0,0,-31,-33,-44,0,-14,0,0,0,0,0,-4,-12,-56,0,-8,0,-21,-14,-20,0,0,0,0,103,0,0,-9,-8,-27,-27,-27,-27,-74,-82,-96,-8,-60,0,0,0,0,0,-72,-8,-8,-8,-8,-15,-72,0,0,0,-16,-16,-16,0,0,0,0,0,0,0,0,0,0,0,0,0,0,0]} 1. d4 Nf6 2. c4 e6 3. Nc3 Bb4 4. f3 d5 5. a3 Bxc3+ 6. bxc3 c5 7. cxd5 exd5 8. e3 O-O 9. Bd3 Re8 10. Ne2 b6 11. O-O Nc6 12. Ng3 g6 {E49: Nimzo-Indian: Rubinstein: 5 Bd3 d5 6 a3 Bxc3+ 7 bxc3} (12... h5 $11 {remains equal.}) 13. Ra2 (13. e4 $16) 13... h5 14. Re2 (14. Bb5 $5 {[%cal Rb5c6]} Bd7 15. e4 $11) 14... Bb7 {[#] White is slightly better.} 15. Bb2 $146 ({Predecessor:} 15. Qe1 Qc8 16. Bb2 Ba6 17. Bxa6 Qxa6 18. e4 cxd4 19. cxd4 Qc4 {1-0 (28) Hakobyan,A (2554)-Gavrilescu,D (2470) Manavgat 2018}) 15... Na5 16. Rfe1 h4 17. Nf1 Rc8 ({Black should try} 17... Nh5 $11) 18. e4 $1 $14 Nh5 19. Bb5 Re6 {[#]} (19... Bc6 $14 20. Bxc6 Nxc6) 20. exd5 ({White has to play} 20. c4 $1 $16 {[%mdl 512]}) 20... Rxe2 $11 21. Rxe2 {aiming for Re8+.} Qxd5 22. Ne3 Qb3 23. Qxb3 Nxb3 24. dxc5 Nf4 25. Re1 Nxc5 26. Rd1 a6 (26... h3 $5 {[%cal Rh3g2]} 27. Rd4 Nce6 $15) 27. Bf1 Na4 28. Ba1 Nxc3 29. Rd7 Bc6 30. Ra7 Bb5 31. Ng4 Kg7 (31... Kf8 $15 32. Nf6 Ncd5 33. Bxb5 axb5) 32. Ne5 {And now Bxc3 would win.} Kf6 33. Nxf7 {Strongly threatening Nd6.} Ke6 {Threatens to win with ...Ncd5.} 34. g3 Nfe2+ 35. Kg2 hxg3 36. hxg3 Nd5 (36... Nd4 $11 37. Ng5+ Kf5) 37. Ng5+ (37. Kf2 $1 $16 {[%cal Rf1h3]} Nd4 38. Ng5+ (38. Bxd4 Rc2+ 39. Kg1 Rc1 $11) 38... Kd6 39. Bxd4 Rc2+ 40. Kg1) 37... Kf5 {...Rc2 is the strong threat.} 38. Ne4 Rc2 ({Avoid the trap} 38... Ne3+ $2 39. Kf2 $1 $18 {[%mdl 512]}) 39. Nd6+ Ke6 40. Nxb5 axb5 41. Bxe2 Rxe2+ {[%mdl 4096] Endgame KRB-KRN} 42. Kh3 {[#]} Rf2 (42... Ra2 $1 $17 {[%cal Ra2a1]} 43. Bd4 b4 44. Bxb6 Rxa3) 43. f4 (43. Bd4 $11 Rxf3 {[#]} 44. Bxb6 $1 {[%mdl 512]}) 43... Rf1 ({Black should play} 43... Ra2 $1 $15 44. Bh8 b4) 44. Bd4 Rd1 45. Be5 Ne3 {[%cal Rd1h1]} 46. Kh4 (46. g4 $1 $11 {keeps the balance.}) 46... Rh1+ (46... Rg1 $17) 47. Kg5 Rg1 48. Kxg6 Rxg3+ 49. Kh7 (49. Kh5 $11) 49... Nf5 (49... Nc4 $17) 50. Rb7 {The position is equal.} Rh3+ 51. Kg8 Ne7+ 52. Kf8 Ng6+ 53. Ke8 Nxe5 {[%cal Rh3h8] KRN-KR} 54. Re7+ Kd6 {[%cal Rh3h8]} 55. fxe5+ Kc6 56. Rg7 Kd5 57. Rg5 Ke6 {( -> ...Rh8+)} 58. Rg6+ Kxe5 59. Rxb6 Rxa3 {Accuracy: White = 46%, Black = 37%.} 1/2-1/2